000 00476nam a22001697a 4500
005 20240108144424.0
008 220210b ||||| |||| 00| 0 eng d
020 _a978-93-86943-54-5
041 _aeng
082 _a668.55
_bSIN -T
100 _aSINGH, DR. SUDARSHAN ,USHIR Dr. YOGESH V AND KATARE YOGESH S
_98319
245 _aA TEXTBOOK OF COSMETIC SCIENCE [SEM-VIII]
260 _aPUNE
_bNIRALI PRAKASHAN
300 _a1.2;p
650 _aPHARMACY
_xB.PHARMA
942 _cBK
999 _c7918
_d7916